[Event "Nuremberg-ch op 04th"]
[Site "Nuremberg"]
[Date "2004.05.23"]
[Round "5"]
[White "Shlosberg, Mikhail Sr"]
[Black "Rosner, Peter"]
[Result "1/2-1/2"]
[WhiteElo "1769"]
[BlackElo "1637"]
[PlyCount "40"]
[EventDate "2004.05.21"]
[EventType "swiss"]
[EventRounds "5"]
[EventCountry "GER"]
[SourceTitle "EXT 2006"]
[Source "ChessBase"]
[SourceDate "2005.11.24"]
[SourceVersion "1"]
[SourceVersionDate "2005.11.24"]
[SourceQuality "1"]

1. e4 e5 2. Nf3 Nf6 3. Nc3 Bb4 4. Nxe5 0-0 5. Be2 Re8 6. Nd3 Bxc3 7. dxc3 Nxe4 8. 0-0 d6 9. Bf3 Nc6 10. Be3 Bf5 11. Nf4 Ne5 12. Be2 Nc6 13. Nd5 h6 14. Bb5 a6 15. Be2 Nf6 16. c4 Nxd5 17. cxd5 Nb4 18. c3 Nc2 19. Rc1 Nxe3 20. fxe3 Bg6 1/2-1/2

[Event "Nuremberg Zabo op 02nd"]
[Site "Nuremberg"]
[Date "2000.09.22"]
[Round "1"]
[White "Shlosberg, Mikhail Sr"]
[Black "Knoerrich, Peter"]
[Result "1-0"]
[WhiteElo "1812"]
[BlackElo "1354"]
[PlyCount "73"]
[EventDate "2000.09.22"]
[EventType "swiss"]
[EventRounds "5"]
[EventCountry "GER"]
[SourceTitle "EXT 2001"]
[Source "ChessBase"]
[SourceDate "2000.11.22"]
[SourceVersion "1"]
[SourceVersionDate "2000.11.22"]
[SourceQuality "1"]

1. e4 e5 2. Nf3 Nc6 3. Bb5 a6 4. Ba4 Bc5 5. c3 Nf6 6. 0-0 h6 7. d4 exd4 8. cxd4 Ba7 9. d5 Ne7 10. Nc3 b5 11. Bb3 d6 12. Qd3 0-0 13. Be3 c5 14. dxc6 Nxc6 15. Rfe1 Bxe3 16. Qxe3 Qe7 17. Nd5 Nxd5 18. Bxd5 Bb7 19. Qb6 Rac8 20. Rac1 Qd7 21. Red1 Rfd8 22. h3 Kf8 23. e5 Qc7 24. Qxc7 Rxc7 25. Be4 Ke7 26. exd6+ Rxd6 27. Re1 Kd8 28. Re3 Nd4 29. Rxc7 Nxf3+ 30. Rxf3 Kxc7 31. Rxf7+ Rd7 32. Rxd7+ Kxd7 33. Bxb7 a5 34. f4 Ke6 35. g4 b4 36. f5+ Ke5 37. Kf2 1-0

[Event "Landesliga Nord 9900"]
[Site "Bayern"]
[Date "2000.03.12"]
[Round "7.8"]
[White "Wilfert, Andre"]
[Black "Shlosberg, Mikhail Sr"]
[Result "1-0"]
[WhiteElo "1870"]
[BlackElo "1825"]
[PlyCount "41"]
[EventDate "1999.10.10"]
[EventType "team-tourn"]
[EventRounds "9"]
[EventCountry "GER"]
[SourceTitle "EXT 2020"]
[Source "ChessBase"]
[SourceDate "2019.10.17"]
[SourceVersion "1"]
[SourceVersionDate "2019.10.17"]
[SourceQuality "1"]
[WhiteTeam "Hof SK"]
[BlackTeam "Forchheim II"]
[WhiteTeamCountry "GER"]
[BlackTeamCountry "GER"]

1. e4 e5 2. Nf3 Nc6 3. d4 exd4 4. Bc4 Nf6 5. 0-0 Nxe4 6. Re1 d5 7. Bxd5 Qxd5 8. Nc3 Qa5 9. Nxe4 Be6 10. Bd2 Bb4 11. Nxd4 Nxd4 12. c3 0-0-0 13. cxb4 Qd5 14. Rc1 Qxa2 15. Bf4 Bc4 16. Nd6+ cxd6 17. Qxd4 b5 18. Re7 Kb8 19. Bxd6+ Ka8 20. Rxa7+ Qxa7 21. Qe4+ 1-0

[Event "Landesliga Nord 9900"]
[Site "Bayern"]
[Date "1999.12.12"]
[Round "3.8"]
[White "Blodig, Reinhard"]
[Black "Shlosberg, Mikhail Sr"]
[Result "1-0"]
[WhiteElo "2210"]
[BlackElo "1825"]
[PlyCount "103"]
[EventDate "1999.10.10"]
[EventType "team-tourn"]
[EventRounds "9"]
[EventCountry "GER"]
[SourceTitle "EXT 2020"]
[Source "ChessBase"]
[SourceDate "2019.10.17"]
[SourceVersion "1"]
[SourceVersionDate "2019.10.17"]
[SourceQuality "1"]
[WhiteTeam "Regensburg Fortuna"]
[BlackTeam "Forchheim II"]
[WhiteTeamCountry "GER"]
[BlackTeamCountry "GER"]

1. g3 d5 2. Nf3 Nf6 3. Bg2 b6 4. c4 Bb7 5. cxd5 Bxd5 6. Nc3 Bb7 7. 0-0 e6 8. d4 Nbd7 9. Bf4 Nd5 10. Nxd5 exd5 11. Rc1 Bd6 12. Bxd6 cxd6 13. Rc3 0-0 14. Bh3 Rc8 15. Qa4 Rxc3 16. bxc3 Nf6 17. Qxa7 Bc8 18. Bxc8 Qxc8 19. Rb1 Qxc3 20. Qxb6 Qa3 21. Qb3 Qa6 22. Rb2 Ra8 23. e3 Rc8 24. Kg2 h6 25. a4 Rc1 26. Qb5 Qc8 27. Qb8 Ne4 28. Nd2 Nxd2 29. Qxc8+ Rxc8 30. Rxd2 Ra8 31. Ra2 Ra5 32. Kf3 Kf8 33. h4 Ke7 34. Ke2 Kd7 35. Kd3 Kc6 36. Kc3 Kb6 37. Rb2+ Ka7 38. Kb4 Ra6 39. Ka3 Rc6 40. Rb5 Rc2 41. Rxd5 Rxf2 42. Rxd6 Rf3 43. Kb4 Rxe3 44. Rd7+ Ka6 45. Rxf7 Rxg3 46. d5 Kb6 47. a5+ Ka6 48. d6 g5 49. d7 Rd3 50. Kc5 gxh4 51. Rf6+ Kxa5 52. Rd6 1-0

[Event "Regionalliga NO 9899"]
[Site "Bayern"]
[Date "1999.??.??"]
[Round "4.7"]
[White "Vennemann, Juergen"]
[Black "Shlosberg, Mikhail Sr"]
[Result "0-1"]
[WhiteElo "1905"]
[BlackElo "1905"]
[PlyCount "71"]
[EventDate "1998.??.??"]
[EventType "team-tourn"]
[EventRounds "9"]
[EventCountry "GER"]
[SourceTitle "EXT 2020"]
[Source "ChessBase"]
[SourceDate "2019.10.17"]
[SourceVersion "1"]
[SourceVersionDate "2019.10.17"]
[SourceQuality "1"]
[WhiteTeam "Altensittenbach"]
[BlackTeam "Forchheim II"]
[WhiteTeamCountry "GER"]
[BlackTeamCountry "GER"]

1. d4 Nf6 2. c4 e6 3. Nc3 d5 4. cxd5 exd5 5. Bg5 Be7 6. e3 h6 7. Bf4 0-0 8. Bd3 Bd6 9. Bg3 a6 10. a3 b6 11. b4 Bb7 12. Nf3 Ne4 13. Qb3 Bxg3 14. hxg3 Qd6 15. Ne2 Nd7 16. Nh4 Rfe8 17. Nf5 Qg6 18. f3 Qxf5 19. fxe4 Qg5 20. e5 Rac8 21. Rf1 Nxe5 22. dxe5 Qxe5 23. Ra2 Qxe3 24. Rc2 Qxg3+ 25. Kd1 Qxg2 26. Rg1 Qh2 27. Rf1 Qh5 28. Kc1 Qe5 29. Kb1 Re7 30. Rf5 Qe3 31. Rxf7 Kxf7 32. Qc3 c5 33. Rc1 d4 34. Qc4+ Qe6 35. Rf1+ Ke8 36. Qc2 0-1